| 000 | 01719cam a2200445 4500 | ||
|---|---|---|---|
| 003 | PE-LiUPU | ||
| 005 | 20250731173342.0 | ||
| 020 | _a8481692255 | ||
| 035 | _a(Sirsi) i9788481692259 | ||
| 035 | _a(Sirsi) 43026 | ||
| 035 | _a(Sirsi) 43026 | ||
| 041 | _aes | ||
| 044 | _aes | ||
| 082 | 0 | 4 |
_a220.04 _bDTB 29 |
| 245 | 1 | 3 |
_aLa pascua y el paso del mar en las interpretaciones judías, cristianas y musulmanas (Éx 12-14) / _cMichel Berder ... [et al.] ; [traducción, José Pedro Tosaus] _n29. |
| 264 | 1 |
_aEstella, Navarra : _bVerbo divino, _c1998 |
|
| 300 |
_a99 páginas : _b19 cm. |
||
| 490 | 0 |
_aDocumentos en torno a la Biblia _v29 |
|
| 505 | 0 | _aLos datos del Antiguo Testamento -- De los Setenta al Nuevo Testamento -- Filón de Alejandría -- La tradición de los Sabios -- La documentación patrística -- La destrucción del faraón y de sus soldados en el islam -- Una predicación medi | |
| 526 | _aSEG42 | ||
| 526 | _aSEG41 | ||
| 526 | _aSEG40 | ||
| 526 | _aSEG39 | ||
| 526 | _aP94 | ||
| 526 | _aP87 | ||
| 526 | _aP86 | ||
| 526 | _aP85 | ||
| 526 | _aP77 | ||
| 526 | _aP76 | ||
| 526 | _aP35 | ||
| 630 |
_aBiblia _pA.T. _pÉxodo _xCrítica, interpretación, etc. |
||
| 700 | 1 |
_aBerder, Michel _ecoaut. |
|
| 942 |
_2ddc _cBOOK |
||
| 949 |
_a220.04 DTB 29 _i60322 _lCCODEBUL1 _mBUL _tLIBRO _o.STAFF. Colección General |
||
| 859 |
_q60322 _h220.04 _iDTB 29 |
||
| 910 |
_aagl _bjv _cng _d20090910 |
||
| 596 | _a1 | ||
| 999 |
_a220.04 DTB 29 _wDEWEY _c49784 _i60322 _f2021-11-9 _g5 _lCCODEBUL1 _mBUL _p16.00 _r0 _sY _tBOOK _u2015-7-6 _xTEOLOGIA _zUNKNOWN _o.STAFF. Colección General _d49784 |
||
| 980 |
_81 _gALBERTO SANCHEZ Responsable de Automatización |
||